000
00283nam a22001097a 4500
082
_a
507.8
_b
BHA
_c
L-NUST, P-46
245
_a
Children's Book of Knowledge
260
_a
Delhi
_b
Book Palace
300
_a
P200
_b
ill
_c
22cm
526
_a
0
_b
0
_c
0
_d
507_800000000000000_BHA
942
_2
ddc
_c
BK
999
_c
550093
_d
550093